[Event "London Classic Open 2018"]
[Site "London ENG"]
[Date "2018.12.12"]
[Round "4.76"]
[White "Kalkowski, Igor"]
[Black "Flear, Christine"]
[Result "0-1"]
[BlackTitle "WIM"]
[WhiteElo "1716"]
[BlackElo "2055"]
[WhiteFideId "21833966"]
[BlackFideId "602604"]
[EventDate "2018.12.09"]

1. e4 c5 2. Nf3 g6 3. d4 cxd4 4. Qxd4 Nf6 5. e5 Nc6 6. Qa4 Nd5 7. Qb3 Nc7 8. Ng5
Ne6 9. Nxe6 dxe6 10. f4 Bg7 11. Be3 O-O 12. c3 Qc7 13. Nd2 Bd7 14. O-O-O Na5 15.
Qb4 Bc6 16. Bc5 Rfe8 17. Bb5 b6 18. Be3 Rac8 19. h4 Red8 20. Bxc6 Nxc6 21. Qe4
b5 22. Kb1 a5 23. g4 Qb8 24. h5 Rd7 25. hxg6 hxg6 26. Qf3 b4 27. c4 Nxe5 28. Qh3
Rd3 29. f5 Nxg4 30. Qh7+ Kf8 31. Bh6 Nxh6 32. f6 exf6 33. Rxh6 Bxh6 34. Qxh6+
Ke7 35. Qh1 Rcd8 36. Qg2 a4 37. Qf2 Qd6 38. Rf1 Rxd2 39. Qxf6+ Kd7 40. Qxf7+ Kc8 0-1

[Event "London Classic Open 2018"]
[Site "London ENG"]
[Date "2018.12.12"]
[Round "4.77"]
[White "Basnayake, I U"]
[Black "Grigoryan, Meri"]
[Result "0-1"]
[WhiteTitle "WCM"]
[BlackTitle "WFM"]
[WhiteElo "1692"]
[BlackElo "2054"]
[WhiteFideId "9901698"]
[BlackFideId "13300571"]
[EventDate "2018.12.09"]

1. e4 d5 2. Nc3 dxe4 3. Nxe4 e5 4. h3 Bf5 5. Ng3 Bg6 6. Bb5+ c6 7. Be2 Bc5 8. d3
Qb6 9. Be3 Bxe3 10. fxe3 Qxe3 11. Nf3 Nd7 12. Qd2 Qxd2+ 13. Kxd2 Ne7 14. Rae1
O-O-O 15. Bd1 f6 16. Kc1 Nd5 17. Nh4 Kc7 18. Bf3 Rde8 19. Ngf5 Bxf5 20. Nxf5 g6
21. Ne3 N7b6 22. Rhf1 Rhf8 23. g3 Nxe3 24. Rxe3 Nd5 25. Re2 Kd6 26. Rfe1 f5 27.
a3 Nf6 28. g4 Nd5 29. g5 h6 30. Bxd5 cxd5 31. Rg2 Rh8 32. Rh1 Ke6 33. h4 Reg8
34. Kd2 hxg5 35. Rxg5 Kf6 36. Rgg1 Rh5 37. Ke3 Rgh8 38. Rh2 Rxh4 39. Rhg2 Rh3+
40. Kf2 Rh2 41. c4 Rxg2+ 42. Rxg2 dxc4 43. dxc4 f4 44. Kf3 Kf5 45. Ke2 e4 46.
Kf2 f3 47. Rg1 Rh2+ 48. Kg3 Rxb2 49. Rd1 f2 50. Kg2 e3 51. Rd5+ Ke4 52. Rd8 Rb1
53. Re8+ Kd3 54. Rd8+ Ke2 0-1

[Event "London Classic Open 2018"]
[Site "London ENG"]
[Date "2018.12.12"]
[Round "4.78"]
[White "Ditmas, Hugh"]
[Black "Fowler, Hugo"]
[Result "1-0"]
[WhiteElo "1978"]
[BlackElo "1799"]
[WhiteFideId "1270666"]
[BlackFideId "433411"]
[EventDate "2018.12.09"]

1. d4 Nf6 2. c4 g6 3. Nc3 d5 4. cxd5 Nxd5 5. e4 Nxc3 6. bxc3 Bg7 7. Nf3 c5 8.
Rb1 O-O 9. Be2 b6 10. O-O Bb7 11. Qd3 Ba6 12. Qc2 cxd4 13. Bxa6 Nxa6 14. cxd4
Qc8 15. Qa4 Rd8 16. Bg5 Qb7 17. Rbc1 h6 18. Be3 Rac8 19. Rfd1 Nb8 20. h3 Nc6 21.
d5 Ne5 22. Nxe5 Bxe5 23. Bxh6 Bb2 24. Rc2 Rxc2 25. Qxc2 Ba3 26. Qc3 1-0

[Event "London Classic Open 2018"]
[Site "London ENG"]
[Date "2018.12.12"]
[Round "4.79"]
[White "Cotter, Len"]
[Black "Keely, Leo A"]
[Result "0-1"]
[WhiteElo "1651"]
[BlackElo "1964"]
[WhiteFideId "431419"]
[BlackFideId "410241"]
[EventDate "2018.12.09"]

1. d4 Nf6 2. c4 g6 3. Nc3 Bg7 4. e4 d6 5. f4 O-O 6. Nf3 c5 7. d5 e6 8. Be2 exd5
9. cxd5 Bg4 10. O-O Nbd7 11. h3 Bxf3 12. Bxf3 a6 13. f5 Ne5 14. Bg5 h6 15. Bxf6
Bxf6 16. Be2 b5 17. Qd2 Bg5 18. Qc2 Be3+ 19. Kh1 Qg5 20. Bf3 Nc4 21. Qe2 Bd4 22.
Nd1 Be5 23. g4 Rae8 24. Qg2 Kh8 25. Rf2 Rg8 26. a4 b4 27. Rc2 Na5 28. Nf2 Nb3
29. Rd1 Nd4 30. Rcd2 b3 31. Nd3 Bf6 32. Qg3 Qe3 33. Rf2 gxf5 34. exf5 c4 35. Ne1
Nxf5 36. Qg2 Be5 37. Qg1 Nh4 38. Re2 Qxg1+ 39. Kxg1 Bg3 40. Be4 f5 41. Re3 Bxe1
42. Rdxe1 fxe4 43. R1e2 Nf3+ 44. Kf2 Nd4 45. Rd2 Nc2 46. Rc3 e3+ 0-1

[Event "London Classic Open 2018"]
[Site "London ENG"]
[Date "2018.12.12"]
[Round "4.80"]
[White "Nelson, Omowale"]
[Black "Shivika Rohilla"]
[Result "1/2-1/2"]
[WhiteElo "1956"]
[BlackElo "1780"]
[WhiteFideId "7400209"]
[BlackFideId "45015414"]
[EventDate "2018.12.09"]

1. d4 d5 2. c4 e6 3. Nf3 Nf6 4. g3 dxc4 5. Bg2 Nc6 6. O-O Be7 7. e3 O-O 8. Nbd2
Na5 9. Ne5 c5 10. Ndxc4 Nxc4 11. Nxc4 cxd4 12. exd4 Nd5 13. h4 Bd7 14. Ne5 Bb5
15. Re1 Bb4 16. Bd2 Bxd2 17. Qxd2 Qd6 18. a3 Rab8 19. Rad1 Rfd8 20. Re4 Ba4 21.
Rde1 Rbc8 22. h5 h6 23. Rg4 Nf6 24. Rf4 Rc2 25. Qa5 Be8 26. g4 Qb6 27. Qxb6 axb6
28. Nd3 Bb5 29. Nb4 Rxb2 30. Bxb7 Rd2 31. Re5 Be8 32. g5 hxg5 33. Rxg5 Nh7 34.
Rgg4 Kf8 35. Rh4 Ng5 36. Rfg4 f6 37. Kg2 Kf7 38. Ba6 Ba4 39. Bd3 Rd6 40. Bg6+
Ke7 41. Rf4 Nf7 42. Re4 Ng5 43. Reg4 Bd1 44. Rf4 Ba4 45. Bd3 e5 46. dxe5 fxe5
47. Rf5 Nf7 48. Bc4 Be8 49. Bxf7 Bxf7 50. Rxe5+ Kf6 51. Re3 Kg5 52. Kg3 Rh6 53.
Re5+ Kf6 54. Rb5 Rd6 55. Rf4+ Ke6 56. Kh4 g6 57. Na6 Rxh5+ 58. Rxh5 gxh5 59.
Nc7+ Ke7 60. Nb5 Rd3 61. Re4+ Kf6 62. a4 Rf3 63. Re2 Rf4+ 64. Kg3 Rxa4 65. Rc2
h4+ 66. Kh2 Rc4 67. Rd2 Rc5 68. Rd6+ Ke7 69. Rxb6 Rc2 70. Kh3 Rxf2 1/2-1/2

[Event "London Classic Open 2018"]
[Site "London ENG"]
[Date "2018.12.12"]
[Round "4.83"]
[White "Jain, Gautam"]
[Black "Gilmore, Samuel"]
[Result "1-0"]
[WhiteElo "1926"]
[BlackElo "1575"]
[WhiteFideId "425311"]
[BlackFideId "448354"]
[EventDate "2018.12.09"]

1. d4 g6 2. c4 Bg7 3. g3 c5 4. Nf3 Nf6 5. Bg2 cxd4 6. Nxd4 a6 7. Nc3 O-O 8. O-O
d6 9. b3 Nbd7 10. Bb2 Rb8 11. Rc1 Re8 12. Qd2 Nc5 13. b4 Ne6 14. Nd5 Nxd4 15.
Bxd4 Nxd5 16. Bxd5 Bh3 17. Rfd1 e6 18. Bf3 e5 19. Ba7 Ra8 20. Be3 e4 21. Bh1 Bf8
22. Qd5 Re5 23. Qxe5 dxe5 24. Rxd8 Rxd8 25. Bxe4 Bxb4 26. Bxb7 Bc8 27. Bd5 Kf8
28. Rb1 a5 29. Bb6 Re8 30. e4 Be6 31. Rb3 Bxd5 32. exd5 Ra8 33. a3 Be7 34. c5
Ke8 35. d6 Bd8 36. c6 1-0

[Event "London Classic Open 2018"]
[Site "London ENG"]
[Date "2018.12.12"]
[Round "4.84"]
[White "Balaji, Aaravamudhan"]
[Black "Sentissi, Yassine"]
[Result "1-0"]
[WhiteElo "1914"]
[BlackElo "1571"]
[WhiteFideId "436224"]
[BlackFideId "9011951"]
[EventDate "2018.12.09"]

1. d4 Nf6 2. c4 g6 3. Nc3 Bg7 4. e4 O-O 5. Nf3 d6 6. Be2 e5 7. O-O exd4 8. Nxd4
Re8 9. f3 c6 10. Kh1 Nh5 11. Be3 f5 12. Bf2 f4 13. Qd2 Be5 14. Qe1 Qg5 15. Qd2
Qf6 16. Rad1 Ng3+ 17. Bxg3 fxg3 18. f4 Qh4 19. Nf3 Qxf4 20. Nxe5 Qxd2 21. Rxd2
dxe5 22. hxg3 Be6 23. Rd6 Nd7 24. Rfd1 Nf6 25. c5 Kf7 26. b4 a6 27. a4 Ke7 28.
a5 Rad8 29. Bf3 Rd7 30. Kg1 Red8 31. Rxd7+ Rxd7 32. Rxd7+ Kxd7 33. Kf2 Ne8 34.
Nd1 Nc7 35. Ke3 Nb5 36. Nf2 Nd4 37. Nd3 Nc2+ 38. Kd2 Nd4 39. Nxe5+ Ke7 40. Be2
Ba2 41. Nf3 Ne6 42. Ke3 Kf6 43. Nd2 Nd8 44. Nc4 Nf7 45. Nd6 Nd8 46. Bg4 Be6 47.
Be2 Ke5 48. Nc4+ Kf6 49. Kd4 Bd7 50. e5+ Kf5 51. Nd6+ Kg5 52. Ne4+ Kf5 53. g4+
Ke6 54. Ng5+ Ke7 55. Nxh7 Ne6+ 56. Ke4 Nc7 57. Nf6 Be6 58. Kf4 Bf7 59. Ke3 Bd5
60. g3 Ba2 61. Bd3 Kf7 62. Kd4 Ne6+ 63. Kc3 Ng5 64. Ne4 Nf3 65. Nd6+ Ke7 66.
Nxb7 Nxe5 67. Bxa6 Kd7 68. Nd6 Kc7 69. Bb7 Be6 70. g5 Bd7 71. a6 Kb8 72. Kb3 Nf3
73. Ka4 Nxg5 74. Ka5 Ka7 75. Bc8 Bxc8 76. Nxc8+ Kb8 77. Nd6 Ka7 78. b5 cxb5 79.
c6 Ne6 80. Nxb5+ Kb8 1-0

[Event "London Classic Open 2018"]
[Site "London ENG"]
[Date "2018.12.12"]
[Round "4.85"]
[White "Haddock, Paul"]
[Black "Hughes, Anthony"]
[Result "0-1"]
[BlackTitle "CM"]
[WhiteElo "1558"]
[BlackElo "1910"]
[WhiteFideId "419150"]
[BlackFideId "1803093"]
[EventDate "2018.12.09"]

1. e4 c6 2. d4 d5 3. e5 c5 4. Nf3 Nc6 5. c3 cxd4 6. cxd4 Bg4 7. Bb5 Qb6 8. Nc3
e6 9. h3 Bxf3 10. gxf3 Ne7 11. Be3 Nf5 12. Qd3 Be7 13. Nxd5 exd5 14. Bxc6+ bxc6
15. Qxf5 Qa6 16. a3 Rb8 17. Rb1 Rb3 18. Qc2 Qb5 19. Qe2 Bxa3 20. Qxb5 cxb5 21.
Ke2 Be7 22. Rhc1 Kd7 23. Rc2 Rc8 24. Kd2 a5 25. Rbc1 Rxc2+ 26. Rxc2 a4 27. f4 g6
28. Kc1 Rb4 29. Rc3 Rc4 30. Kc2 Kc6 31. Rxc4+ dxc4 32. f3 Kd5 33. Kd2 Bb4+ 34.
Kc2 Be1 35. Kd1 Ba5 36. Kc2 b4 37. Kb1 Bb6 0-1

[Event "London Classic Open 2018"]
[Site "London ENG"]
[Date "2018.12.12"]
[Round "4.87"]
[White "Dias, Savin"]
[Black "Hizarci, Bora"]
[Result "1-0"]
[WhiteElo "1903"]
[BlackElo "1453"]
[WhiteFideId "442399"]
[BlackFideId "457698"]
[EventDate "2018.12.09"]

1. e4 e6 2. d4 d5 3. Nc3 dxe4 4. Nxe4 Bd7 5. Nf3 Bc6 6. Bd3 Nd7 7. O-O Ngf6 8.
Qe2 Be7 9. Re1 O-O 10. c3 Nxe4 11. Bxe4 Bxe4 12. Qxe4 c6 13. Bf4 Nf6 14. Qe2 Bd6
15. Bxd6 Qxd6 16. Qc2 Rfd8 17. Re5 h6 18. Rae1 Qc7 19. h3 Rd5 20. Nd2 Rad8 21.
b4 Rxe5 22. dxe5 Ne8 23. Nc4 Qd7 24. Nd6 Nxd6 25. Rd1 Qc7 26. Qd3 Kf8 27. exd6
Qd7 28. c4 f6 29. c5 Kf7 30. Qa3 Ra8 31. Rd3 e5 32. Rg3 a6 33. Qd3 Rg8 34. Re3
Qe6 35. Qe2 Ke8 36. f4 Kd7 37. fxe5 Re8 38. exf6 Qxe3+ 39. Qxe3 Rxe3 40. f7 Re1+
41. Kf2 Re8 42. fxe8=Q+ Kxe8 43. Ke3 Kd7 44. Kf4 g6 45. Ke5 g5 46. Kf6 Kd8 47.
Kg6 1-0

[Event "London Classic Open 2018"]
[Site "London ENG"]
[Date "2018.12.12"]
[Round "4.89"]
[White "Rohfleisch, Daniel"]
[Black "Davison, Chris"]
[Result "1/2-1/2"]
[WhiteElo "1820"]
[BlackElo "2068"]
[WhiteFideId "12999881"]
[BlackFideId "407801"]
[EventDate "2018.12.09"]

1. e4 e5 2. Nf3 Nc6 3. Nc3 Nf6 4. d4 exd4 5. Nxd4 Bb4 6. Nxc6 bxc6 7. Bd3 d5 8.
exd5 O-O 9. O-O cxd5 10. Bg5 c6 11. Qf3 h6 12. Bxf6 Qxf6 13. Qxf6 gxf6 14. Ne2
Bd6 15. Nd4 c5 16. Nf5 Bxf5 17. Bxf5 Be5 18. c3 Rab8 19. f4 Bd6 20. b3 Rfe8 21.
Rad1 d4 22. Kh1 Re2 23. cxd4 Rxa2 24. dxc5 Bxc5 25. Rf3 Rb2 26. Rg3+ Kf8 27. Rh3
R2xb3 28. Rxh6 Kg7 29. Rh7+ Kg8 30. Rh4 a5 31. Rg4+ Kf8 32. Rh4 Kg7 33. Rg4+ Kf8
34. Rh4 a4 35. Bc2 R3b4 36. Rh8+ Kg7 37. Rxb8 Rxb8 38. Bxa4 1/2-1/2

[Event "London Classic Open 2018"]
[Site "London ENG"]
[Date "2018.12.12"]
[Round "4.90"]
[White "Skinner, Nicholas H"]
[Black "Lane, Ryan"]
[Result "1/2-1/2"]
[WhiteElo "2028"]
[BlackElo "1723"]
[WhiteFideId "448060"]
[BlackFideId "3227332"]
[EventDate "2018.12.09"]

1. d4 Nf6 2. c4 g6 3. Nc3 Bg7 4. e4 d6 5. f3 O-O 6. Nge2 Nc6 7. Bg5 h6 8. Be3 e5
9. d5 Ne7 10. Qd2 Kh7 11. g4 Nfg8 12. Ng3 f5 13. gxf5 gxf5 14. exf5 Nxf5 15. Bd3
Kh8 16. Nxf5 Bxf5 17. Ke2 Qf6 18. Raf1 Qg6 19. Rhg1 Qh5 20. Rf2 Rf7 21. Rg3 Raf8
22. Bxf5 Rxf5 23. Ne4 Nf6 24. Qd3 Qh4 25. Nxf6 R5xf6 26. Rg4 Qh5 27. Qe4 Qf5 28.
Rfg2 Qxe4 29. fxe4 R8f7 30. h4 a6 31. h5 Kh7 32. b4 b6 33. a4 Kh8 34. c5 bxc5
35. bxc5 dxc5 36. Bxc5 Rf4 37. Be3 Rxg4 38. Rxg4 Rf6 39. Kd3 Kg8 40. Kc4 Kf7 41.
Bd2 Bf8 42. Be3 1/2-1/2

[Event "London Classic Open 2018"]
[Site "London ENG"]
[Date "2018.12.12"]
[Round "4.91"]
[White "Mohnblatt, Daniel"]
[Black "De Coverly, Roger D"]
[Result "0-1"]
[WhiteElo "1749"]
[BlackElo "1951"]
[WhiteFideId "648582"]
[BlackFideId "405213"]
[EventDate "2018.12.09"]

1. d4 Nf6 2. Nf3 d5 3. e3 c5 4. c3 Nbd7 5. Bd3 g6 6. O-O Bg7 7. Nbd2 O-O 8. b3
Qc7 9. Bb2 e5 10. dxe5 Nxe5 11. Nxe5 Qxe5 12. Nf3 Qe7 13. Qc2 b6 14. Rae1 Bb7
15. Nd2 Rfe8 16. f3 Rad8 17. e4 dxe4 18. Nxe4 Nxe4 19. Bxe4 Bxe4 20. Rxe4 Qd7
21. Rfe1 h5 22. c4 Rxe4 23. Rxe4 Qd1+ 0-1

[Event "London Classic Open 2018"]
[Site "London ENG"]
[Date "2018.12.12"]
[Round "4.92"]
[White "Rizzoli, Aluna"]
[Black "Islam, Mohammed"]
[Result "1-0"]
[WhiteElo "1911"]
[BlackElo "1725"]
[WhiteFideId "843881"]
[BlackFideId "10211870"]
[EventDate "2018.12.09"]

1. d4 d5 2. Bf4 Nf6 3. e3 c5 4. c3 e6 5. Nf3 Bd6 6. Bg3 Qc7 7. Bd3 Nbd7 8. Nbd2
b6 9. Qa4 O-O 10. O-O Bb7 11. Rac1 e5 12. dxe5 Nxe5 13. Nxe5 Bxe5 14. Qh4 Rfe8
15. Nf3 Bxg3 16. hxg3 Rad8 17. g4 Ne4 18. Rfd1 Rd6 19. Qh2 Red8 20. Rd2 Nxd2 21.
Qxh7+ Kf8 22. Qh8+ Ke7 23. Qh4+ Kf8 24. Qh8+ Ke7 25. Qh4+ Ke8 26. Qh8+ Kd7 27.
Bf5+ Kc6 28. Ne5+ Kb5 29. Qxg7 Bc8 30. Qxf7 Qxf7 31. Nxf7 Bxf5 32. gxf5 R6d7 33.
Nxd8 Rxd8 34. Rd1 Nc4 35. b3 Ne5 36. f3 Kc6 37. Kf2 Rf8 38. g4 a5 39. Kg3 b5 40.
a3 c4 41. b4 axb4 42. axb4 Ra8 43. g5 Kd6 44. Rh1 Ra3 45. f4 Rxc3 46. Rh6+ Kd7
47. Rh7+ Ke8 48. fxe5 Rxe3+ 49. Kg4 Re4+ 50. Kh5 Rxe5 51. Kg6 d4 52. f6 Rxg5+
53. Kxg5 d3 54. Re7+ Kd8 55. Re5 1-0

[Event "London Classic Open 2018"]
[Site "London ENG"]
[Date "2018.12.12"]
[Round "4.93"]
[White "Vignati, Massimo"]
[Black "Tombolis, Christopher"]
[Result "0-1"]
[WhiteElo "1710"]
[BlackElo "1898"]
[WhiteFideId "851337"]
[BlackFideId "433691"]
[EventDate "2018.12.09"]

1. e4 c5 2. c3 g6 3. d4 cxd4 4. cxd4 d5 5. exd5 Nf6 6. Nf3 Nxd5 7. Nc3 Nb6 8.
Be3 Bg7 9. Be2 O-O 10. h3 Nc6 11. O-O Bf5 12. a3 Rc8 13. Rc1 Na5 14. b4 Nac4 15.
a4 Nxe3 16. fxe3 Bh6 17. Kf2 Qd6 18. a5 Bxe3+ 19. Kxe3 Rxc3+ 20. Rxc3 Nd5+ 21.
Kf2 Nxc3 22. Qb3 Ne4+ 23. Kg1 Nd2 24. Nxd2 Qxd4+ 25. Kh2 Qxd2 26. Bf3 b6 27. Rd1
Qf4+ 28. Kh1 Be6 29. Bd5 Bxd5 30. Rxd5 Rc8 31. Rd1 Rc1 32. axb6 axb6 33. b5 Qd2
34. Rxc1 Qxc1+ 35. Kh2 Qc7+ 36. Kh1 Qc5 37. Qd3 Qd6 38. Qe4 e5 39. Qc6 Qd1+ 40.
Kh2 Qd4 41. Qf6 Qf4+ 42. Qxf4 exf4 43. g3 fxg3+ 44. Kxg3 f6 45. Kf4 Kf7 46. Ke4
Ke6 0-1

[Event "London Classic Open 2018"]
[Site "London ENG"]
[Date "2018.12.12"]
[Round "4.95"]
[White "Saravanan, Aadarsh"]
[Black "Jones, Tibor"]
[Result "0-1"]
[WhiteElo "1709"]
[BlackElo "1860"]
[WhiteFideId "440078"]
[BlackFideId "2405288"]
[EventDate "2018.12.09"]

1. d4 d5 2. c4 c6 3. e3 Nf6 4. Nf3 e6 5. Nc3 Nbd7 6. Bd3 dxc4 7. Bxc4 b5 8. Be2
Bb7 9. O-O Be7 10. b3 a6 11. Bb2 O-O 12. Rc1 c5 13. Qd2 Rc8 14. Rfd1 b4 15. Na4
Ne4 16. Qd3 Qa5 17. Nd2 Nef6 18. Nc4 Qc7 19. dxc5 Nxc5 20. Nxc5 Qxc5 21. Nd6
Qxd6 22. Qxd6 Bxd6 23. Rxd6 Rxc1+ 24. Bxc1 Ne4 25. Rd4 Nc3 26. Rd2 Rc8 27. Bc4
a5 28. f3 Bd5 29. Bb2 Bxc4 30. bxc4 Nxa2 31. Bd4 b3 32. Rb2 a4 33. c5 e5 34.
Bxe5 Rxc5 35. Bd4 Rb5 36. Kf1 a3 37. Rb1 b2 38. Ke2 Nc3+ 39. Bxc3 a2 40. Rxb2
a1=Q 41. Rxb5 Qa6 0-1

[Event "London Classic Open 2018"]
[Site "London ENG"]
[Date "2018.12.12"]
[Round "4.96"]
[White "Kender, Robert"]
[Black "Saidmurodov, Shahjahon"]
[Result "1-0"]
[WhiteElo "1850"]
[BlackElo "1549"]
[WhiteFideId "2064170"]
[BlackFideId "448150"]
[EventDate "2018.12.09"]

1. e4 c5 2. Nc3 Nc6 3. Nf3 d6 4. d4 cxd4 5. Nxd4 Nf6 6. Bb5 Bd7 7. O-O Nxd4 8.
Qxd4 Bxb5 9. Nxb5 a6 10. Nc3 e5 11. Qd3 Be7 12. Bg5 Qd7 13. Rad1 Rd8 14. Rd2 h6
15. Bh4 g5 16. Bg3 h5 17. h3 h4 18. Bh2 g4 19. Rfd1 Rg8 20. Kh1 g3 21. fxg3 hxg3
22. Bxg3 Nh5 23. Bh2 Bg5 24. Rf2 Bh4 25. Rf3 Nf4 26. Bxf4 exf4 27. Rxf4 Rg3 28.
Qf1 Bg5 29. Nd5 Kf8 30. Rf5 Qe6 31. Nc7 Qxe4 32. Rxf7+ Kg8 33. Rf3 Rxf3 34. gxf3
Qxc2 35. Ne6 Re8 36. Nxg5 Re2 37. Qg1 Kf8 38. Ne4 Rh2+ 39. Qxh2 Qxd1+ 40. Kg2
Qc2+ 41. Kg3 Qc7 42. Kg4 Qd7+ 43. Kg3 Qg7+ 44. Kh4 Qh7+ 45. Kg5 Qe7+ 46. Kf5
Qd7+ 47. Kf4 d5 48. Ng3 d4 49. Qe2 d3 50. Qd2 Qd5 51. Ne4 b6 52. Qc3 Qd7 53.
Qh8+ 1-0

[Event "London Classic Open 2018"]
[Site "London ENG"]
[Date "2018.12.12"]
[Round "4.97"]
[White "Nergard, Ole-Kristian"]
[Black "Olarasu, Iuliana"]
[Result "0-1"]
[WhiteElo "1630"]
[BlackElo "2058"]
[WhiteFideId "1543156"]
[BlackFideId "1202103"]
[EventDate "2018.12.09"]

1. e4 e6 2. d4 d5 3. exd5 exd5 4. c4 Nf6 5. Nf3 Be7 6. Nc3 O-O 7. h3 Re8 8. Be3
c5 9. Be2 dxc4 10. dxc5 Nbd7 11. c6 Nb6 12. Qxd8 Bxd8 13. Nb5 bxc6 14. Nd6 Re6
15. Nxc8 Rxc8 16. O-O Nfd5 17. Bxb6 Rxe2 18. Bxd8 Rxd8 19. Rab1 Rb8 20. Rfe1
Rxe1+ 21. Nxe1 f6 22. f3 Nc3 23. Ra1 Rxb2 24. a4 a5 25. f4 Rb1 26. Rxb1 Nxb1 27.
Nc2 Nc3 28. Kf2 Nxa4 29. Ke3 c5 30. Ke4 Nb6 31. Ke3 Kf7 0-1

[Event "London Classic Open 2018"]
[Site "London ENG"]
[Date "2018.12.12"]
[Round "4.98"]
[White "Stoyanov, Boris"]
[Black "Cowan, Richard M"]
[Result "0-1"]
[WhiteElo "1594"]
[BlackElo "1894"]
[WhiteFideId "456462"]
[BlackFideId "419524"]
[EventDate "2018.12.09"]

1. d4 Nf6 2. c4 Nc6 3. Nf3 e6 4. Nc3 Bb4 5. Bd2 O-O 6. e3 d6 7. Bd3 e5 8. dxe5
dxe5 9. Qc2 h6 10. O-O a5 11. Rfd1 Bg4 12. Be4 Nxe4 13. Qxe4 f5 14. Qd5+ Rf7 15.
Re1 Bxf3 16. gxf3 Qg5+ 17. Kh1 Rd8 18. Qe6 Rxd2 19. Rg1 Qh5 20. Rg2 Qxf3 21. Rg1
Rd6 22. Qc8+ Kh7 23. Qxb7 Bxc3 24. bxc3 Rd1 25. Rxd1 Qxd1+ 26. Rg1 Qf3+ 27. Rg2
Rd7 28. Qb1 Rd1+ 29. Qxd1 Qxd1+ 0-1

[Event "London Classic Open 2018"]
[Site "London ENG"]
[Date "2018.12.12"]
[Round "4.101"]
[White "De Paolis, Fabrizio"]
[Black "Tomy, Jeff"]
[Result "0-1"]
[WhiteElo "1754"]
[BlackElo "1578"]
[WhiteFideId "822027"]
[BlackFideId "427489"]
[EventDate "2018.12.09"]

1. d4 d5 2. c4 c6 3. Nf3 Nf6 4. e3 e6 5. b3 Nbd7 6. Bb2 Be7 7. Bd3 O-O 8. O-O b6
9. Nbd2 Bb7 10. Qc2 Rc8 11. Ne5 dxc4 12. bxc4 c5 13. Rac1 h6 14. Qb1 Qc7 15. f4
Rfd8 16. Ndf3 Nb8 17. f5 exf5 18. Bxf5 Nbd7 19. d5 Ra8 20. e4 Bc8 21. Nc6 Re8
22. e5 Nh5 23. Nxe7+ Rxe7 24. d6 Qd8 25. dxe7 Qxe7 26. Qe4 Rb8 27. e6 Ndf6 28.
exf7+ Qxf7 29. Bxc8 Nxe4 30. Ne5 Qe8 31. Bd7 Qd8 32. Be6+ Kh7 33. Bf5+ Kg8 34.
Bxe4 Qd2 35. Rf2 Qe3 36. Bd5+ Kh7 37. Ng4 Qg5 38. Be6 Nf4 39. Rcf1 Nxe6 40. Ne5
Nd4 41. Bxd4 cxd4 42. Nc6 Rc8 43. Nxd4 Rxc4 44. Ne6 Qe3 45. Nf8+ Kg8 46. Kh1 Rc1
47. Rf5 Rxf1+ 48. Rxf1 Qe2 0-1

[Event "London Classic Open 2018"]
[Site "London ENG"]
[Date "2018.12.12"]
[Round "4.102"]
[White "De Lagontrie, Jean"]
[Black "Buselli, Daniel"]
[Result "1-0"]
[WhiteElo "1742"]
[BlackElo "1552"]
[WhiteFideId "605271"]
[BlackFideId "515728"]
[EventDate "2018.12.09"]

1. d4 Nf6 2. c4 g6 3. Nc3 d5 4. cxd5 Nxd5 5. e4 Nxc3 6. bxc3 Bg7 7. Bc4 c5 8.
Ne2 Nc6 9. Be3 O-O 10. O-O Qc7 11. Rc1 Rd8 12. Qd2 Qa5 13. Rfd1 Qa3 14. Qc2 Na5
15. Bb5 Bd7 16. Rb1 a6 17. Bc1 Nc4 18. Bxd7 Qa5 19. Qa4 1-0

[Event "London Classic Open 2018"]
[Site "London ENG"]
[Date "2018.12.13"]
[Round "5.1"]
[White "Tomaszewski, Kacper"]
[Black "Pert, Nicholas"]
[Result "0-1"]
[WhiteTitle "FM"]
[BlackTitle "GM"]
[WhiteElo "2259"]
[BlackElo "2546"]
[WhiteFideId "1127373"]
[BlackFideId "403989"]
[EventDate "2018.12.09"]

1. d4 d5 2. c4 c6 3. Nc3 Nf6 4. cxd5 cxd5 5. Bf4 Nc6 6. e3 Bg4 7. Qb3 Na5 8.
Qa4+ Bd7 9. Bb5 Nc6 10. Nf3 a6 11. Bxc6 Bxc6 12. Qb3 e6 13. Ne5 Nd7 14. O-O Qb6
15. Rfc1 Qxb3 16. axb3 Nxe5 17. Bxe5 f6 18. Bg3 Bb4 19. Rc2 Ke7 20. Rac1 a5 21.
Na4 Bd6 22. Bxd6+ Kxd6 23. Rc5 Ra6 24. f3 e5 25. Kf2 Re8 26. R1c2 Re7 27. h4 h5
28. g3 g5 29. hxg5 fxg5 30. dxe5+ Rxe5 31. R5c3 Ra8 32. Nb6 Ra6 33. Na4 Ra8 34.
Nb6 Rf8 35. Rd2 Ke6 36. Rc5 Ref5 37. f4 gxf4 38. gxf4 d4 39. Rxf5 dxe3+ 40. Kxe3
Kxf5 41. Nc4 Re8+ 42. Ne5 h4 43. Rd6 Re6 44. Rd8 Rh6 45. Rf8+ Ke6 46. Ng4 Rh5
47. b4 axb4 48. Rd8 h3 49. Rd2 Kf5 50. Nh2 Rh8 51. Nf1 Rg8 52. Rc2 Rg1 53. Rc5+
Kf6 54. Kf2 Rxf1+ 55. Kxf1 h2 0-1

[Event "London Classic Open 2018"]
[Site "London ENG"]
[Date "2018.12.13"]
[Round "5.2"]
[White "Hebden, Mark L"]
[Black "Melkumyan, Hrant"]
[Result "1/2-1/2"]
[WhiteTitle "GM"]
[BlackTitle "GM"]
[WhiteElo "2425"]
[BlackElo "2670"]
[WhiteFideId "400084"]
[BlackFideId "13302485"]
[EventDate "2018.12.09"]

1. d4 d5 2. c4 e6 3. Nc3 Nf6 4. Bg5 Bb4 5. Nf3 dxc4 6. e4 c5 7. Bxc4 cxd4 8.
Nxd4 Bxc3+ 9. bxc3 Qa5 10. Bxf6 Qxc3+ 11. Kf1 gxf6 12. Rc1 Qa5 13. h4 Nc6 14.
Nxc6 bxc6 15. Rh3 Ke7 16. Rd3 Rd8 17. e5 fxe5 18. Rxd8 Qxd8 19. Qa4 Qd6 20. Be2
Bd7 21. Rd1 Qc5 22. Qg4 h6 23. Qg7 e4 24. Qxh6 e3 25. fxe3 Qe5 26. Qf4 Qxf4+ 27.
exf4 Rb8 28. h5 c5 29. Kf2 f5 30. h6 Bc6 31. Bf3 Bxf3 32. Kxf3 Rh8 33. Rc1 Rxh6
34. Rxc5 Kd6 35. Ra5 Rh7 36. Ra6+ 1/2-1/2

[Event "London Classic Open 2018"]
[Site "London ENG"]
[Date "2018.12.13"]
[Round "5.3"]
[White "Moussard, Jules"]
[Black "Pert, Richard G"]
[Result "1-0"]
[WhiteTitle "GM"]
[BlackTitle "IM"]
[WhiteElo "2591"]
[BlackElo "2416"]
[WhiteFideId "642908"]
[BlackFideId "404748"]
[EventDate "2018.12.09"]

1. e4 e6 2. d4 d5 3. Nd2 Be7 4. e5 c5 5. c3 Nc6 6. Bd3 Bd7 7. Ne2 f6 8. f4 Qb6
9. Nf3 O-O-O 10. O-O h6 11. Kh1 g5 12. dxc5 Qc7 13. b4 fxe5 14. b5 e4 15. bxc6
Bxc6 16. Ned4 exf3 17. Rxf3 Qd7 18. fxg5 hxg5 19. Nxe6 g4 20. Rf7 g3 21. Bf5
Rxh2+ 22. Kg1 d4 23. Nf4 dxc3 24. Qe1 Bxc5+ 25. Be3 Bxe3+ 26. Qxe3 Qxf5 27. Rxf5
c2 28. Qxg3 Rh7 29. Ne6 Rd1+ 30. Rf1 1-0